| 000 | 01760cam a2200337 i 4500 | ||
|---|---|---|---|
| 001 | 991061277605006706 | ||
| 003 | ES-BaIT | ||
| 005 | 20251106123526.0 | ||
| 008 | 250204e202306 spc|||| |||| 0|0 d cat|c | ||
| 015 |
_aLL2025 _2bnc |
||
| 017 |
_aDL T 570-2023 _bBiblioteca de Catalunya |
||
| 020 | _a9788412704426 | ||
| 040 |
_aES-ReCLR _bcat _erda _cES-ReCLR _dES-BaBC |
||
| 080 |
_a821.134.12 _x”20” _22004 |
||
| 080 | _a849.9-2"20" | ||
| 100 | 1 |
_aArtigau i Queralt, Marc, _d1984- _eautor _95629 |
|
| 245 | 1 | 2 |
_aL'Illa deserta / _cMarc Artigau i Queralt |
| 250 | _a1a edició | ||
| 264 | 1 |
_aTarragona : _bArola Editors, _cjuny 2023 |
|
| 300 |
_a82 pàgines ; _c17 cm |
||
| 336 |
_atext _btxt _2rdacontent |
||
| 337 |
_asense mediació _bn _2rdamedia |
||
| 338 |
_avolum _bnc _2rdacarrier |
||
| 490 | 1 |
_aTextos a part. Teatre contemporani ; _v241 |
|
| 500 | _aP2: D1, H1 | ||
| 520 | _a"L'illa deserta és la història d'Ella i d'Ell. De tot allò que hauria pogut ser. Ella, que treballa en un banc i que pintava grafits per la ciutat. Ell, que és repartidor a domicili i que somia amb ser actor. Ella i Ell ens expliquen com van ser, com són i com seran, ara que una trobada fortuïta, tancats dins d'un ascensor, els pot canviar (o no) l'existència per sempre. Què t'enduries a una illa deserta? Una vida explicada des del principi fins al final, tenint en compte totes les possibilitats, totes les variables. Aquella mateixa nit quan, per fi, surten de l'ascensor, una xifra mal entesa, un cinc per un sis, pot fer que no es tornin a veure mai més o pot ser el principi d'una llarga història." -- Contracoberta | ||
| 830 | 0 |
_aTextos a part. _pTeatre contemporani _v241 _963285 |
|
| 908 |
_aCLR _aBC _aCDMAE |
||
| 940 | _aCLR | ||
| 942 |
_2udc _c1 |
||
| 999 |
_c136789 _d136789 |
||